MARC

LEADER 00000nam0a2200000 4500
001 123380
005 20231101215814.0
035 |a (RuTPU)RU\TPU\book\133557 
090 |a 123380 
100 |a 20071016d1988 m y0rusy50 ca 
101 0 |a rus 
102 |a RU 
105 |a a z 001ay 
200 1 |a Севастополь. Падение Даира. Вокзалы  |f А. Г. Малышкин 
210 |a Куйбышев  |c Куйбышевское книжное издательство  |d 1988 
215 |a 592 с.  |c ил. 
320 |a Библиогр.: с. 589-591 
610 1 |a советская литература 
610 1 |a романы 
610 1 |a повести 
610 1 |a рассказы 
675 |a Р2  |v 3 
700 1 |a Малышкин  |b А. Г.  |c русский писатель  |f 1892-1938  |g Александр Георгиевич  |2 stltpush  |3 (RuTPU)RU\TPU\pers\8211  |9 1608 
801 1 |a RU  |b 63413507  |c 20071016  |g PSBO 
942 |c BK